000 00619nam a22001937a 4500
999 _c6782
_d6782
003 OSt
005 20210219131617.0
008 210219b ||||| |||| 00| 0 eng d
020 _a978071399921
040 _bDLC
_cDLC
082 _a530
_bKAK 2008
100 _aKaku, Michio
_913898
245 _aPhysics of the impossible :
_ba scientific exploration of the world of phasers, force fields, teleportation and time travel/
_cMichio Kaku
260 _aLondon
_bPenguin books
_c2008
300 _axviii, 329p;
_c24cm.
504 _aIncludes index and bibliographical references
650 _2Physics
942 _2ddc
_cO_SHELF